Integral, measure and derivative : (Record no. 28820)

000 -LEADER
fixed length control field 00544 a2200157 4500
003 - CONTROL NUMBER IDENTIFIER
control field NUST
005 - DATE AND TIME OF LATEST TRANSACTION
control field 20180117115447.0
008 - FIXED-LENGTH DATA ELEMENTS--GENERAL INFORMATION
fixed length control field 180117b xxu||||| |||| 00| 0 eng d
024 ## - OTHER STANDARD IDENTIFIER
Additional codes following the standard number or code LCCN 66-17376
040 ## - CATALOGING SOURCE
Transcribing agency NUST
082 ## - DEWEY DECIMAL CLASSIFICATION NUMBER
Classification number 517.3 SHI
100 1# - MAIN ENTRY--PERSONAL NAME
Personal name Gurevich, G. E. Shilov & B. L.
9 (RLIN) 8542
245 10 - TITLE STATEMENT
Title Integral, measure and derivative :
Remainder of title a unified approach /
Statement of responsibility, etc. G. E. Shilov & B. L. Gurevich.
260 ## - PUBLICATION, DISTRIBUTION, ETC.
Place of publication, distribution, etc. [S.l.] :
Name of publisher, distributor, etc. Prentice Hall,
Date of publication, distribution, etc. 1966.
300 ## - PHYSICAL DESCRIPTION
Extent 233 p.
490 1# - SERIES STATEMENT
Series statement Selected russian publications in the mathematical sciences.
500 ## - GENERAL NOTE
General note Import.
830 #0 - SERIES ADDED ENTRY--UNIFORM TITLE
Uniform title Selected russian publications in the mathematical sciences.
9 (RLIN) 8543
942 ## - ADDED ENTRY ELEMENTS (KOHA)
Institution code [OBSOLETE] SNS
Koha item type Book
Call number prefix 517.3 SHI
Source of classification or shelving scheme
Holdings
Withdrawn status Lost status Damaged status Not for loan Permanent Location Current Location Date acquired Total Checkouts Full call number Barcode Date last seen Price effective from Koha item type
        School of Natural Sciences (SNS) School of Natural Sciences (SNS) 05/26/2016   517.3 SHI SNS0000082 05/26/2016 05/26/2016 Book
        School of Natural Sciences (SNS) School of Natural Sciences (SNS) 05/26/2016   517.3 SHI SNS0002059 05/26/2016 05/26/2016 Book
© 2023 Central Library, National University of Sciences and Technology. All Rights Reserved.